000 00749nam a2200229 a 4500
003 MX-MxUPN
005 20240925065034.0
008 991125n1930 sp a r 000 0 spa d
035 _aUPN01000056152
040 _aMX-MxUPN
_bspa
_cMX-MxUPN
041 0 _aspa
050 1 4 _aLC1021 C5
_bK6.8
100 1 _aKoffka, Kurt,
_d1886-1941
_952685
245 1 3 _aLa teoría de la estructura :
_bla psicología novísima
260 _aMadrid :
_bLa Lectura,
_c1930
300 _a171 páginas :
_bilustraciones
490 0 _aCiencia y educación. Contemporánea;
_v30
650 4 _aPsicología
_938
710 2 _aCentro Nacional de Documentación e Información Educativa (México)
_951353
_epropietario anterior
904 _aAC
_b056155
942 _2lcc
_cLIBRO
999 _c56152
_d56152